| 000 | 00785nam a2200241 4500 | ||
|---|---|---|---|
| 001 | 108831 | ||
| 003 | ES-MaACL | ||
| 005 | 20250902063103.0 | ||
| 007 | t| | ||
| 008 | 061121s1977 sp r ||||1| spa d | ||
| 020 | _a84-600-1022-8 | ||
| 080 | _a349.2(460)"1917/23" | ||
| 080 | _a32(460)"1917/23" | ||
| 100 | 1 |
_aMontoya Melgar, Alfredo _982712 |
|
| 245 | 1 | 0 |
_aIdeología y lenguaje en las leyes laborales de España : _bla crisis de 1917-1923 / _cAlfredo Montoya Melgar. |
| 260 |
_aMurcia : _bEscuela Social, _c1977. |
||
| 300 |
_a87 p. ; _c19 cm. |
||
| 650 | 4 |
_aDerecho laboral- _zEspaña _911726 |
|
| 651 | 4 |
_aEspaña- _xPolítica y gobierno- _y1917. _9173163 |
|
| 710 | 2 |
_aEscuela Social de Murcia. _9173582 |
|
| 852 |
_aES-MaACL _jA-8559 |
||
| 999 |
_c108831 _d108831 |
||